00253nam a2200109Ia 4500008004100000041001200041082001100053100001300064245005300077260000600130650000700136221030s9999 xx 000 0 und d aEnglish a105.23 aC J Date 0aAdvanced Database Management Systemcby C J Date c0 aMc